The Regional South of the USA - Statistics

General Stats
  • This quiz has been taken 16 times
  • The average score is 15 of 16
Answers on the Map
Answers color-coded by a green-red scale on the quiz's map according to % correct below.
 
Answer Stats
Answer % Correct
Alabama
100%
Florida
100%
Texas
100%
Arkansas
94%
Georgia
94%
Kentucky
94%
North Carolina
94%
South Carolina
94%
Tennessee
94%
Virginia
94%
West virginia
94%
Louisiana
88%
Maryland
88%
Mississippi
88%
Oklahoma
88%
Delaware
81%
No matching quizzes found
Score Distribution
Percent of People with Each Score
Percentile by Number Answered
Your Score History
You have not taken this quiz